| 000 | 00914nam a2200193 a 4500 | ||
|---|---|---|---|
| 001 | 000045293 | ||
| 005 | 20201002050034.0 | ||
| 008 | 150225s2001 dr a 000 0 spa d | ||
| 040 |
_aDO-SdBNP _bspa _cBNPHU |
||
| 082 |
_axxxx _bxxxx |
||
| 245 | 0 | 3 |
_aEl ABC de la construcción de naciones / _cAlexander Hamilton, Lyndon H. LaRouche, Jr ; prólogo ; Jorge Luis Meléndez Cárdenas, M. A. |
| 260 |
_aSanto Domingo : _bInstituto Schiller, _c2001. |
||
| 300 |
_a136 p. ; _c21 cm. |
||
| 500 | _aPerteneció a la biblioteca personal del Dr. Guaroa Ginebra H. | ||
| 505 | 0 |
_aInforme sobre el asunto de las manufacturas / _rAlexander Hamilton -- _tLa prueba del IQ económico / _rLyndon H. LaRouche, Jr -- |
|
| 700 | 1 | 2 |
_aHamilton, Alexander _tInforme sobre el asunto de las manufacturas _973317 |
| 700 | 1 | 2 |
_aLaRouche, Lyndon H. _tLa prueba del IQ económico _973318 |
| 700 | 1 | 2 |
_aMeléndez Cárdenas, Jorge Luis, _epról. _973319 |
| 999 |
_c44782 _d44782 |
||